Science Quiz

Random Science or Chemistry Quiz

'B' Element Symbols Quiz Stats

 Plays Quiz Updated Dec 6, 2017

Score 0/14 Timer 03:00
1 Play Today
Atomic Number Element % Correct
5Boron
96.1%
4Beryllium
81.7%
56Barium
70.2%
82Lead
63.2%
35Bromine
61.3%
83Bismuth
59.4%
37Rubidium
44.7%
Atomic Number Element % Correct
51Antimony
43.4%
107Bohrium
41.7%
97Berkelium
41.7%
41Niobium
38.7%
70Ytterbium
35.5%
105Dubnium
34.4%
65Terbium
32%

You're not logged in!

Compare scores with friends on all Sporcle quizzes.
OR
Log In

Sporcle TV

Today on Sporcle TV


Watch our educational content, quiz creation guides, and fun videos on Sporcle TV.

Show Comments

Extras

Top Quizzes Today


Score Distribution

Your Account Isn't Verified!

In order to create a playlist on Sporcle, you need to verify the email address you used during registration. Go to your Sporcle Settings to finish the process.

Report this User

Report this user for behavior that violates our Community Guidelines.

Details: